000 01717nam a2200241Ia 4500
999 _c51772
_d51772
001 18764
003 GE_BSU
005 20210415120828.0
008 181216s||||||||ge |||||||||||||| ||geo||
040 _cGE_BSU
041 _ageo
080 _a61 მ-86
100 _aმოსულიშვილი, თამარ
_911373
245 _aრაიტთერაპიის ეფექტურობის მექანიზმები კეთილთვისებიანი ჰიპერმობილური სახსრების სინდრომის მქონე (7-14წწ.) ბავშვებში /
_cთამარ მოსულიშვილი ; სამეცნიერო ხელმძღვანელი მანონი ლორია ; თბილისის სახელმწიფო სმედიცინო უნივერსიტეტი
264 _aთბილისი,
_c2014.
300 _a160 გვ. ;
_b30 სმ.
653 _aდისერტაცია
653 _aმედიცინა
653 _aრაიტთერაპიის ეფექტურობის მექანიზმები კეთილთვისებიანი ჰიპერმობილური სახსრების სინდრომის მქონე (7-14წწ.) ბავშვებში
700 _aლორია, მანონი
_eსამეცნიერო ხელმძღვანელი
_911374
710 _aთბილისის სახელმწიფო სამედიცინო უნივერსიტეტი
_911375
942 _cBK
_2udc